Pays de la Coupe du monde 2026 - Statistiques

Statistiques générales
  • Ce quiz a été pris 32 fois
  • Le résultat moyen est 34 sur 48
Statistiques - réponses
Pays % Correct
Canada
92%
Espagne
92%
Mexique
92%
Allemagne
88%
Angleterre
88%
Belgique
88%
France
88%
Japon
88%
Portugal
88%
Algérie
83%
Brésil
83%
Maroc
83%
Norvège
83%
Tunisie
83%
Argentine
79%
Colombie
79%
Corée du Sud
79%
Pays-Bas
79%
Suède
79%
Afrique du Sud
75%
Australie
75%
Irak
75%
Iran
75%
Sénégal
75%
Turquie
75%
Autriche
71%
République démocratique du Congo
71%
Suisse
71%
Egypte
67%
Equateur
67%
Nouvelle-Zélande
67%
Qatar
67%
Uruguay
67%
Croatie
63%
République tchèque
63%
Bosnie-Herzégovine
58%
Ecosse
58%
Haïti
58%
Panama
58%
Arabie saoudite
54%
Côte d'Ivoire
54%
Curaçao
54%
Ghana
54%
Jordanie
50%
Paraguay
46%
Cap-Vert
42%
Ouzbékistan
42%
Etat-Unis
21%
Aucun quiz correspondant
Distribution des résultats
% des personnes avec chaque résultat
Percentile par nombre de réponses
Votre historique - résultats
Vous n’avez pas pris ce quiz